[Event "Guipuzcoa ch 2010"]
[Site "Azkoitia ESP"]
[Date "2010.10.16"]
[Round "1.1"]
[White "Martin Alvarez, Inigo"]
[Black "Olabe Odriozola, Eduardo"]
[Result "1-0"]
[WhiteElo "2292"]
[BlackElo "1928"]
[PlyCount "65"]
[EventDate "2010.10.16"]
[EventType "swiss"]
[EventRounds "9"]
[EventCountry "ESP"]
[Source "lmi"]
[SourceDate "2010.10.16"]

1. e4 c5 2. Nf3 d6 3. d4 cxd4 4. Qxd4 Nc6 5. Bb5 Qa5+ 6. Nc3 Qxb5 7. Nxb5 Nxd4
8. Nfxd4 Kd8 9. Be3 Bd7 10. a4 Nf6 11. f3 e5 12. Ne2 d5 13. exd5 Nxd5 14. Bf2
Rc8 15. O-O-O Nb4 16. c3 Nc6 17. Nxa7 Nxa7 18. Bxa7 Ke8 19. a5 Be7 20. Ng3 Be6
21. Ne4 Rc6 22. b4 Bxb4 23. Kb2 Bxa5 24. Bc5 Bxc3+ 25. Kxc3 b6 26. Rd6 Rxc5+
27. Nxc5 bxc5 28. Rc6 c4 29. Rc1 g6 30. Re1 h5 31. Rxe5 h4 32. Rexe6+ fxe6 33.
Rxe6+ 1-0

[Event "Guipuzcoa ch 2010"]
[Site "Azkoitia ESP"]
[Date "2010.10.16"]
[Round "1.3"]
[White "Garro Beraza, Haritz"]
[Black "Fernandez Zubitur, Jokin"]
[Result "1-0"]
[WhiteElo "2153"]
[BlackElo "1907"]
[PlyCount "43"]
[EventDate "2010.10.16"]
[EventType "swiss"]
[EventRounds "9"]
[EventCountry "ESP"]
[Source "lmi"]
[SourceDate "2010.10.16"]

1. e4 e5 2. Nf3 Nc6 3. Bb5 a6 4. Ba4 Nf6 5. O-O b5 6. Bb3 Nxe4 7. d4 d5 8. dxe5
Be6 9. Qe2 Be7 10. Rd1 Nc5 11. c4 Nxb3 12. axb3 bxc4 13. bxc4 d4 14. Qe4 Qd7
15. Rxd4 Nxd4 16. Qxa8+ Bd8 17. Nxd4 Qxd4 18. Qc6+ Kf8 19. Nc3 Qxc4 20. Qa8 Ke7
21. Be3 Re8 22. Ra4 1-0

[Event "Guipuzcoa ch 2010"]
[Site "Azkoitia ESP"]
[Date "2010.10.16"]
[Round "1.4"]
[White "Ruiz Abad, Juan Manuel"]
[Black "Urretavizcaya Merino, Asier"]
[Result "0-1"]
[WhiteElo "1896"]
[BlackElo "2097"]
[PlyCount "55"]
[EventDate "2010.10.16"]
[EventType "swiss"]
[EventRounds "9"]
[EventCountry "ESP"]
[Source "lmi"]
[SourceDate "2010.10.16"]

1. e4 c5 2. Nf3 d6 3. d4 cxd4 4. Nxd4 Nf6 5. Nc3 a6 6. Bg5 e6 7. Qe2 h6 8. Bh4
Nbd7 9. O-O-O b5 10. a3 Bb7 11. f4 Qb6 12. Nxe6 fxe6 13. e5 dxe5 14. fxe5 O-O-O
15. exf6 gxf6 16. Ne4 Be7 17. Rd3 Kb8 18. Rc3 Qd4 19. Bg3+ e5 20. Nd2 Nc5 21.
Nb3 Qd5 22. Bf2 Nxb3+ 23. Rxb3 Rc8 24. Qd3 Qe6 25. Qh3 f5 26. Be2 Be4 27. Rc3
Qa2 28. Qe3 0-1

[Event "Guipuzcoa ch 2010"]
[Site "Azkoitia ESP"]
[Date "2010.10.16"]
[Round "1.5"]
[White "Galarza Cenzano, Inigo"]
[Black "Bello Castaño, Diego"]
[Result "1/2-1/2"]
[WhiteElo "2027"]
[BlackElo "1893"]
[PlyCount "42"]
[EventDate "2010.10.16"]
[EventType "swiss"]
[EventRounds "9"]
[EventCountry "ESP"]
[Source "lmi"]
[SourceDate "2010.10.16"]

1. e4 c6 2. f4 d5 3. Nc3 e6 4. Nf3 dxe4 5. Nxe4 Nf6 6. Nf2 Nbd7 7. b3 Qc7 8. g3
Bd6 9. Bb2 O-O 10. Nd3 c5 11. Nde5 b6 12. Qe2 Bb7 13. Bg2 h6 14. O-O-O Rac8 15.
Kb1 Bd5 16. d4 cxd4 17. Nxd7 Qxd7 18. Nxd4 Rfd8 19. Nb5 Bxg2 20. Rxd6 Bxh1 21.
Rxd7 Rxd7 1/2-1/2

[Event "Guipuzcoa ch 2010"]
[Site "Azkoitia ESP"]
[Date "2010.10.16"]
[Round "1.6"]
[White "Tung, Siu Hung"]
[Black "Alvarado Fernandez, Mikel"]
[Result "0-1"]
[WhiteElo "1875"]
[BlackElo "2010"]
[PlyCount "86"]
[EventDate "2010.10.16"]
[EventType "swiss"]
[EventRounds "9"]
[EventCountry "ESP"]
[Source "lmi"]
[SourceDate "2010.10.16"]

1. e4 d6 2. d4 g6 3. Nf3 Bg7 4. Bd3 Nd7 5. Be3 c6 6. Qd2 Qc7 7. c4 e5 8. Nc3
Ngf6 9. Bh6 O-O 10. Bxg7 Kxg7 11. O-O b6 12. Rac1 a6 13. d5 c5 14. Ne2 b5 15.
b3 b4 16. Nh4 Qd8 17. Qg5 Kh8 18. f4 Ng8 19. Qg3 Qe7 20. Nf3 f6 21. fxe5 fxe5
22. Ng5 Ndf6 23. h4 Bd7 24. Rce1 Nh5 25. Qh2 Nh6 26. Kh1 Ng4 27. Qg1 h6 28.
Rxf8+ Rxf8 29. Nf3 Kg7 30. Rf1 Nf4 31. Nxf4 Rxf4 32. g3 Rf7 33. Nh2 Qf8 34.
Nxg4 Bxg4 35. Rxf7+ Qxf7 36. Qf1 Qd7 37. Kh2 g5 38. Qf2 a5 39. Bf1 a4 40. Bg2
axb3 41. axb3 Qf7 42. Qe3 gxh4 43. Bh3 Qf3 0-1

[Event "Guipuzcoa ch 2010"]
[Site "Azkoitia ESP"]
[Date "2010.10.16"]
[Round "1.7"]
[White "Tejedor Txapartegi, Nabar"]
[Black "Sanchez Ruesga, Hector"]
[Result "0-1"]
[WhiteElo "1995"]
[BlackElo "1874"]
[PlyCount "100"]
[EventDate "2010.10.16"]
[EventType "swiss"]
[EventRounds "9"]
[EventCountry "ESP"]
[Source "lmi"]
[SourceDate "2010.10.16"]

1. d4 Nf6 2. c4 e6 3. Nf3 d5 4. cxd5 exd5 5. Bg5 Be7 6. Nc3 O-O 7. e3 Re8 8.
Bd3 Bg4 9. Qc2 h6 10. Bf4 Bxf3 11. gxf3 Bd6 12. Bxd6 Qxd6 13. O-O-O Nc6 14. Qd2
a6 15. Rhg1 Kh8 16. Bb1 Nh5 17. Rg4 Nf6 18. Rh4 Ng8 19. Rg1 Rad8 20. Rhg4 g6
21. h4 h5 22. Rg5 Nce7 23. Qd3 f5 24. Ne2 Rf8 25. Nf4 Rf6 26. Bc2 Kh7 27. Qe2
Nh6 28. Nd3 Nf7 29. R5g2 Nh6 30. f4 Rc8 31. Kb1 a5 32. f3 b6 33. e4 dxe4 34.
fxe4 fxe4 35. Qxe4 Nef5 36. Ne5 Rg8 37. Qe1 Rg7 38. Nf3 Ng4 39. Ng5+ Kh6 40.
Re2 Nxd4 41. Re8 Rf8 42. Rxf8 Qxf8 43. Ne6 Nxc2 44. Qd2 Na3+ 45. Kc1 Nc4 46.
Qd4 Qf6 47. Qxc4 Rd7 48. Re1 Qxh4 49. Qe4 Nf2 50. Nf8 Nxe4 0-1

[Event "Guipuzcoa ch 2010"]
[Site "Azkoitia ESP"]
[Date "2010.10.16"]
[Round "1.8"]
[White "Zubia Aramburu, Mikel"]
[Black "Segovia Sanchez, Antonio"]
[Result "0-1"]
[WhiteElo "1834"]
[BlackElo "1983"]
[PlyCount "54"]
[EventDate "2010.10.16"]
[EventType "swiss"]
[EventRounds "9"]
[EventCountry "ESP"]
[Source "lmi"]
[SourceDate "2010.10.16"]

1. c4 Nf6 2. Nc3 e5 3. g3 Bc5 4. Bg2 Nc6 5. e3 a6 6. Nge2 d6 7. O-O O-O 8. d4
Ba7 9. a3 Bf5 10. b4 Rb8 11. Bb2 exd4 12. exd4 Qd7 13. c5 Rbd8 14. Nf4 dxc5 15.
dxc5 Qc8 16. Qa4 Nd4 17. Ncd5 Nxd5 18. Nxd5 Rxd5 19. Bxd5 Bc2 20. Qa5 b6 21.
cxb6 Bxb6 22. Bxf7+ Rxf7 23. Qd5 Bb3 24. Qe4 Nf3+ 25. Kg2 Ng5 26. Qh4 Bd5+ 27.
f3 Nxf3 0-1

[Event "Guipuzcoa ch 2010"]
[Site "Azkoitia ESP"]
[Date "2010.10.16"]
[Round "1.9"]
[White "Irure Crespo, Egoitz"]
[Black "Izagirre Alsua, Aritz"]
[Result "1-0"]
[WhiteElo "1977"]
[BlackElo "1823"]
[PlyCount "67"]
[EventDate "2010.10.16"]
[EventType "swiss"]
[EventRounds "9"]
[EventCountry "ESP"]
[Source "lmi"]
[SourceDate "2010.10.16"]

1. e4 c5 2. Nf3 d6 3. d4 cxd4 4. Nxd4 Nf6 5. Nc3 g6 6. Be3 Bg7 7. f3 Nc6 8. Bc4
Qb6 9. a3 Qc7 10. Bb3 a6 11. Qd2 Ne5 12. O-O-O Nc4 13. Bxc4 Qxc4 14. e5 dxe5
15. Nc6 Nd7 16. Nxe7 Qe6 17. Ncd5 Kf8 18. Nb6 Kxe7 19. Nxa8 f5 20. Nc7 Qc6 21.
Nd5+ Kf7 22. Nb4 Qb5 23. Qd5+ Qxd5 24. Rxd5 Nb8 25. Rhd1 Be6 26. Rd8 Rxd8 27.
Rxd8 Nd7 28. Nd5 h6 29. Nc7 Ke7 30. Nxe6 Kxe6 31. Rc8 f4 32. Bf2 g5 33. Rc7 b6
34. Bxb6 1-0

[Event "Guipuzcoa ch 2010"]
[Site "Azkoitia ESP"]
[Date "2010.10.16"]
[Round "1.10"]
[White "Goni Garmendia, Aitor"]
[Black "Rodriguez Cabrera, Fco Javier"]
[Result "0-1"]
[WhiteElo "1806"]
[BlackElo "1973"]
[PlyCount "60"]
[EventDate "2010.10.16"]
[EventType "swiss"]
[EventRounds "9"]
[EventCountry "ESP"]
[Source "lmi"]
[SourceDate "2010.10.16"]

1. e4 c5 2. Nf3 d6 3. d4 cxd4 4. Nxd4 Nf6 5. Nc3 a6 6. Be3 Ng4 7. Bg5 h6 8. Bh4
g5 9. Bg3 Bg7 10. h3 Nf6 11. Bc4 Qb6 12. Bb3 Nxe4 13. Nxe4 Qxd4 14. Qf3 O-O 15.
c3 Qb6 16. O-O-O Be6 17. Bxe6 fxe6 18. Qg4 d5 19. Nxg5 hxg5 20. Qxg5 Nc6 21. h4
d4 22. Rxd4 Nxd4 23. Be5 Nf5 24. g4 Kh7 25. gxf5 Bh6 26. Kc2 Qxf2+ 27. Kb3 Bxg5
28. hxg5+ Kg8 29. g6 Qb6+ 30. Kc2 Rf6 0-1

[Event "Guipuzcoa ch 2010"]
[Site "Azkoitia ESP"]
[Date "2010.10.16"]
[Round "1.11"]
[White "Etxagibel Larranaga, Asier"]
[Black "Kuende Gorostidi, Jon"]
[Result "1-0"]
[WhiteElo "1964"]
[BlackElo "1802"]
[PlyCount "99"]
[EventDate "2010.10.16"]
[EventType "swiss"]
[EventRounds "9"]
[EventCountry "ESP"]
[Source "lmi"]
[SourceDate "2010.10.16"]

1. d4 e6 2. c4 Nf6 3. g3 d5 4. Nf3 c5 5. cxd5 exd5 6. Bg2 Nc6 7. O-O cxd4 8.
Nxd4 Bc5 9. Nb3 Bb6 10. Bg5 Be6 11. Nc3 Ne7 12. Bxf6 gxf6 13. Na4 Qd6 14. Nxb6
Qxb6 15. Rc1 Rd8 16. e3 h5 17. h4 Bg4 18. Qd2 Qd6 19. Nd4 a6 20. Rc3 Rg8 21.
Rfc1 Ng6 22. Kh1 Ne5 23. b3 Kf8 24. Rc7 Nc4 25. bxc4 Qxc7 26. cxd5 Qd6 27. Qb2
Qd7 28. Kh2 Kg7 29. Nb3 Qb5 30. Qd2 Rc8 31. Nd4 Qa4 32. Rb1 Rc7 33. f3 Bd7 34.
d6 Rc5 35. Rxb7 Rgc8 36. Rb2 Qa3 37. Rb7 Qa4 38. Rb2 Qa3 39. Ne2 Qa4 40. Nf4
Rc2 41. Rxc2 Rxc2 42. Qd4 Qxa2 43. Nxh5+ Kf8 44. Nf4 Bb5 45. d7 Rxg2+ 46. Nxg2
Bxd7 47. Qxd7 a5 48. Kh3 Qe6+ 49. Qxe6 fxe6 50. Ne1 1-0

[Event "Guipuzcoa ch 2010"]
[Site "Azkoitia ESP"]
[Date "2010.10.16"]
[Round "1.12"]
[White "Cantabrana Garoña, Alejandro"]
[Black "Arana Garate, Jon"]
[Result "1-0"]
[WhiteElo "1788"]
[BlackElo "1959"]
[PlyCount "75"]
[EventDate "2010.10.16"]
[EventType "swiss"]
[EventRounds "9"]
[EventCountry "ESP"]
[Source "lmi"]
[SourceDate "2010.10.16"]

1. c4 Nf6 2. g3 g6 3. Bg2 Bg7 4. d4 d6 5. Nf3 O-O 6. Nc3 Na6 7. O-O c5 8. e3
Rb8 9. Qe2 Bd7 10. Rd1 Qc8 11. Ne1 Bc6 12. d5 Bd7 13. e4 Ne8 14. f4 Nac7 15. e5
b5 16. b3 bxc4 17. bxc4 Bg4 18. Bf3 Bd7 19. Bd2 h5 20. Nd3 Na8 21. Rab1 Nb6 22.
Nf2 Bf5 23. Rb2 Nc7 24. Rc1 Re8 25. Kg2 Qa6 26. Nb5 Nxb5 27. cxb5 Qc8 28. h3
Qd8 29. g4 hxg4 30. hxg4 Bd7 31. Rh1 Na4 32. Rbb1 Qc7 33. e6 Bc8 34. f5 fxe6
35. fxe6 Rf8 36. Rh3 Be5 37. Bh6 Rf6 38. Ne4 1-0

[Event "Guipuzcoa ch 2010"]
[Site "Azkoitia ESP"]
[Date "2010.10.16"]
[Round "1.13"]
[White "Garro Beraza, Julen"]
[Black "Puga Senar, Fernando"]
[Result "0-1"]
[WhiteElo "1959"]
[BlackElo "1732"]
[PlyCount "57"]
[EventDate "2010.10.16"]
[EventType "swiss"]
[EventRounds "9"]
[EventCountry "ESP"]
[Source "lmi"]
[SourceDate "2010.10.16"]

1. e4 e6 2. d4 d5 3. Nc3 Nf6 4. Bg5 Be7 5. e5 Nfd7 6. Bxe7 Qxe7 7. f4 a6 8. Nf3
c5 9. Qd2 Nc6 10. O-O-O cxd4 11. Nxd4 Nxd4 12. Qxd4 Qc5 13. Qd2 O-O 14. h4 b5
15. h5 Nb6 16. h6 g6 17. Bd3 b4 18. Ne2 Nc4 19. Qe1 Rb8 20. Qh4 f5 21. exf6
Qe3+ 22. Kb1 Nd2+ 23. Ka1 b3 24. axb3 Rb5 25. Nc3 Ra5+ 26. Na2 Ne4 27. Bxe4
Qxe4 28. Rhe1 Qxc2 29. f7+ 0-1

[Event "Guipuzcoa ch 2010"]
[Site "Azkoitia ESP"]
[Date "2010.10.16"]
[Round "1.14"]
[White "Priya Beitia, Aitor"]
[Black "Ruiz Martinez, Isidro"]
[Result "0-1"]
[WhiteElo "1582"]
[BlackElo "1955"]
[PlyCount "144"]
[EventDate "2010.10.16"]
[EventType "swiss"]
[EventRounds "9"]
[EventCountry "ESP"]
[Source "lmi"]
[SourceDate "2010.10.16"]

1. d4 Nf6 2. c4 g6 3. Nc3 Bg7 4. Nf3 O-O 5. Bg5 c5 6. e3 Qa5 7. Be2 cxd4 8.
Bxf6 dxc3 9. Bxc3 Bxc3+ 10. bxc3 Qxc3+ 11. Nd2 Nc6 12. O-O d6 13. Rc1 Qa3 14.
Qb3 Qxb3 15. axb3 Be6 16. Nf3 Rac8 17. Nd4 Bd7 18. Bf3 Nxd4 19. exd4 Rc7 20.
Rc3 Rfc8 21. Re1 e6 22. h4 b5 23. Rec1 bxc4 24. bxc4 Rb8 25. c5 d5 26. h5 Kg7
27. hxg6 hxg6 28. Ra3 Rb4 29. Rca1 Rxd4 30. Rxa7 Rxa7 31. Rxa7 Ba4 32. g3 Rc4
33. Rc7 Bc2 34. Kf1 Be4 35. Bxe4 Rxe4 36. f3 Rc4 37. Ke2 g5 38. Kd3 Kg6 39. g4
Kf6 40. Ke3 e5 41. Rc6+ Ke7 42. Rc7+ Ke6 43. Rc6+ Ke7 44. Rc7+ Kf6 45. Rc6+ Kg7
46. Rc7 Rc3+ 47. Kf2 d4 48. Ke2 Rc2+ 49. Kd3 Rf2 50. Ke4 Re2+ 51. Kf5 Re3 52.
Kxg5 Rxf3 53. Re7 Rc3 54. Kf5 Rxc5 55. g5 Rc2 56. Ke4 Kg6 57. Kd3 Rc3+ 58. Kd2
Re3 59. Rd7 Rg3 60. Rd8 Rxg5 61. Rg8+ Kf5 62. Rh8 Ke4 63. Rh4+ Kd5 64. Kd3 f5
65. Rh8 Rg3+ 66. Kd2 e4 67. Rf8 Rg2+ 68. Kd1 Ke5 69. Re8+ Kf4 70. Rd8 Ke3 71.
Rd5 d3 72. Kc1 d2+ 0-1

[Event "Guipuzcoa ch 2010"]
[Site "Azkoitia ESP"]
[Date "2010.10.23"]
[Round "2.1"]
[White "Rodriguez Cabrera, Fco Javier"]
[Black "Martin Alvarez, Inigo"]
[Result "1/2-1/2"]
[WhiteElo "1973"]
[BlackElo "2292"]
[PlyCount "148"]
[EventDate "2010.10.16"]
[EventType "swiss"]
[EventRounds "9"]
[EventCountry "ESP"]
[Source "lmi"]
[SourceDate "2010.10.16"]

1. e4 g6 2. d4 Bg7 3. c4 d6 4. Nc3 e5 5. Nge2 Nc6 6. Be3 Nh6 7. d5 Ne7 8. f3 f5
9. Qd2 f4 10. Bf2 g5 11. g4 Ng6 12. Nc1 Ng8 13. h3 h5 14. Rg1 hxg4 15. hxg4 Nf6
16. Nd3 Kf7 17. c5 Rh2 18. O-O-O Qe7 19. Be2 Bd7 20. Kb1 a6 21. Rh1 Rah8 22.
Rxh2 Rxh2 23. cxd6 cxd6 24. Qc1 Qd8 25. Rh1 Qh8 26. Rxh2 Qxh2 27. Qg1 Qh3 28.
Ne1 Bf8 29. Qf1 Qh7 30. Ka1 Nh4 31. Bb6 Be7 32. b4 Qh8 33. Qf2 Kg7 34. b5 axb5
35. Bxb5 Nxf3 36. Nxf3 Qh3 37. Qf1 Qg3 38. Bxd7 Nxd7 39. Bc7 Qxg4 40. Nb5 Qh5
41. Bxd6 Bf6 42. Nc7 g4 43. Ne6+ Kg8 44. Qc1 Qe8 45. Nh2 g3 46. Ng4 g2 47.
Nxf6+ Nxf6 48. Bxe5 Qg6 49. Bd4 f3 50. d6 Kf7 51. Qc7+ Kg8 52. Qc8+ Ne8 53. d7
g1=Q+ 54. Bxg1 Qxg1+ 55. Kb2 Qb6+ 56. Kc3 Qe3+ 57. Kc4 Qe2+ 58. Kd5 Qxa2+ 59.
Ke5 Qb2+ 60. Kf5 Qf6+ 61. Kg4 Qxe6+ 62. Kxf3 Qf7+ 63. Ke3 Qb3+ 64. Kd4 Qb4+ 65.
Kd3 Qb5+ 66. Ke3 Qb6+ 67. Kd3 Qb1+ 68. Ke3 Qe1+ 69. Kd3 Qb1+ 70. Ke3 Qb3+ 71.
Kd4 Qa4+ 72. Ke3 Qa3+ 73. Kd4 Qd6+ 74. Ke3 Qh6+ 1/2-1/2

[Event "Guipuzcoa ch 2010"]
[Site "Azkoitia ESP"]
[Date "2010.10.23"]
[Round "2.2"]
[White "Guijarro Galan, Jose Luis"]
[Black "Etxagibel Larranaga, Asier"]
[Result "1/2-1/2"]
[WhiteElo "2222"]
[BlackElo "1964"]
[PlyCount "64"]
[EventDate "2010.10.16"]
[EventType "swiss"]
[EventRounds "9"]
[EventCountry "ESP"]
[Source "lmi"]
[SourceDate "2010.10.16"]

1. e4 c5 2. Nf3 Nc6 3. d4 cxd4 4. Nxd4 e5 5. Nb3 Nf6 6. Nc3 Bb4 7. Bd3 O-O 8.
Bg5 Nd4 9. Bd2 Ne6 10. Ne2 Bxd2+ 11. Qxd2 d5 12. exd5 Nxd5 13. O-O-O Nf6 14.
Qc3 Qc7 15. Bf5 Qxc3 16. Nxc3 Nf4 17. Bxc8 Raxc8 18. Rhe1 Nxg2 19. Rxe5 Rfe8
20. Rxe8+ Rxe8 21. Na5 b6 22. Nc6 a5 23. b4 axb4 24. Nxb4 h5 25. Nbd5 Re6 26.
Rg1 Nxd5 27. Nxd5 Nh4 28. Nf4 Re5 29. Rg3 Rf5 30. Nd3 Nf3 31. h3 f6 32. c3 Kf7
1/2-1/2

[Event "Guipuzcoa ch 2010"]
[Site "Azkoitia ESP"]
[Date "2010.10.23"]
[Round "2.3"]
[White "Ruiz Martinez, Isidro"]
[Black "Garro Beraza, Haritz"]
[Result "0-1"]
[WhiteElo "1955"]
[BlackElo "2153"]
[PlyCount "126"]
[EventDate "2010.10.16"]
[EventType "swiss"]
[EventRounds "9"]
[EventCountry "ESP"]
[Source "lmi"]
[SourceDate "2010.10.16"]

1. e4 c5 2. Nf3 d6 3. d4 cxd4 4. Nxd4 Nf6 5. Nc3 a6 6. Rg1 e6 7. g4 Be7 8. g5
Nfd7 9. Be3 Nc6 10. Qd2 Nde5 11. Rg3 Bd7 12. f4 Ng6 13. Nb3 b5 14. Qf2 Rb8 15.
a4 Na5 16. axb5 Nxb3 17. cxb3 axb5 18. Ra7 Qc8 19. b4 Bd8 20. Bd3 Ne7 21. Qe2
Nc6 22. Nxb5 Rxb5 23. Rxd7 Rxb4 24. Rxd6 Be7 25. Ba6 Qc7 26. Rd1 Rxe4 27. Rc1
O-O 28. Bd3 Qa5+ 29. Kf1 Nd4 30. Qg2 Rxe3 31. Rxe3 g6 32. Rh3 Qa4 33. Qb7 Nb3
34. Rd1 Qxf4+ 35. Rf3 Qg4 36. Be2 Nd4 37. Rxd4 Qxd4 38. Qxe7 Qxb2 39. Rf2 Qc1+
40. Kg2 Qe3 41. Bf3 h6 42. gxh6 Qxh6 43. Re2 Qf4 44. Re4 Qd2+ 45. Re2 Qf4 46.
Re4 Qf5 47. Rh4 Rc8 48. Be2 Kg7 49. Qb4 Rc2 50. Qd4+ e5 51. Qe3 Rc6 52. Qh6+
Kf6 53. Qh8+ Ke7 54. Qa8 Qc2 55. Qa3+ Kf6 56. Qe3 Rc3 57. Qf2+ Kg7 58. Rh3 Rc6
59. Rf3 Qe4 60. Kg3 f5 61. h3 Rc2 62. Qa7+ Kh6 63. Bd3 f4+ 0-1

[Event "Guipuzcoa ch 2010"]
[Site "Azkoitia ESP"]
[Date "2010.10.23"]
[Round "2.4"]
[White "Urretavizcaya Merino, Asier"]
[Black "Sanchez Ruesga, Hector"]
[Result "1-0"]
[WhiteElo "2097"]
[BlackElo "1874"]
[PlyCount "55"]
[EventDate "2010.10.16"]
[EventType "swiss"]
[EventRounds "9"]
[EventCountry "ESP"]
[Source "lmi"]
[SourceDate "2010.10.16"]

1. d4 Nf6 2. Bf4 d5 3. e3 e6 4. Nf3 Nbd7 5. Nbd2 Be7 6. Bd3 O-O 7. Ne5 c5 8. c3
b6 9. Qf3 Bb7 10. Qh3 c4 11. Bc2 Re8 12. Ndf3 Nxe5 13. Nxe5 b5 14. Ng4 g6 15.
Nh6+ Kg7 16. Be5 Bd6 17. Qf3 Qe7 18. Bxd6 Qxd6 19. g4 Qe7 20. g5 Nh5 21. Rg1
Rf8 22. Qh3 Kh8 23. f4 Ng7 24. Ng4 Ne8 25. Qh4 Rg8 26. Rg3 f5 27. gxf6 Qd8 28.
Qxh7+ 1-0

[Event "Guipuzcoa ch 2010"]
[Site "Azkoitia ESP"]
[Date "2010.10.23"]
[Round "2.5"]
[White "Alvarado Fernandez, Mikel"]
[Black "Cantabrana Garoña, Alejandro"]
[Result "1-0"]
[WhiteElo "2010"]
[BlackElo "1788"]
[PlyCount "87"]
[EventDate "2010.10.16"]
[EventType "swiss"]
[EventRounds "9"]
[EventCountry "ESP"]
[Source "lmi"]
[SourceDate "2010.10.16"]

1. d4 g6 2. Bg5 Bg7 3. e3 c5 4. c3 Qb6 5. Qd2 d5 6. a4 cxd4 7. exd4 Nc6 8. Nf3
f6 9. Be3 Na5 10. Bb5+ Kf7 11. Qe2 a6 12. Bd3 Nh6 13. b4 Nc6 14. a5 Qc7 15. O-O
Re8 16. Qd2 Nf5 17. Bf4 e5 18. dxe5 Nxe5 19. Bxf5 Bxf5 20. Qxd5+ Be6 21. Bxe5
Qe7 22. Qd2 fxe5 23. Ng5+ Kg8 24. Nxe6 Qxe6 25. Qa2 Rac8 26. Qxe6+ Rxe6 27. Ra3
Bh6 28. Rb3 e4 29. Na3 e3 30. fxe3 Rxe3 31. Rf3 Re1+ 32. Kf2 Rce8 33. c4 R1e2+
34. Kg3 Bg7 35. Rfd3 Rf8 36. Rf3 Be5+ 37. Kh3 h5 38. Rfe3 Rxe3+ 39. Rxe3 Bd4
40. Re7 g5 41. Rd7 Rf4 42. g3 g4+ 43. Kh4 Rf5 44. Rxd4 1-0

[Event "Guipuzcoa ch 2010"]
[Site "Azkoitia ESP"]
[Date "2010.10.23"]
[Round "2.7"]
[White "Puga Senar, Fernando"]
[Black "Irure Crespo, Egoitz"]
[Result "1/2-1/2"]
[WhiteElo "1732"]
[BlackElo "1977"]
[PlyCount "41"]
[EventDate "2010.10.16"]
[EventType "swiss"]
[EventRounds "9"]
[EventCountry "ESP"]
[Source "lmi"]
[SourceDate "2010.10.16"]

1. d4 d5 2. c4 c6 3. Nc3 dxc4 4. e3 b5 5. a4 b4 6. Ne4 Qd5 7. Nd2 Ba6 8. Qc2 c3
9. bxc3 Bxf1 10. Kxf1 e6 11. Ngf3 Nf6 12. cxb4 Bxb4 13. Qc4 a5 14. Ba3 Na6 15.
Bxb4 Nxb4 16. Ke2 O-O 17. Rhc1 Rfc8 18. Qc5 Nd7 19. Qxd5 cxd5 20. Nb3 Nc2 21.
Rab1 1/2-1/2

[Event "Guipuzcoa ch 2010"]
[Site "Azkoitia ESP"]
[Date "2010.10.23"]
[Round "2.8"]
[White "Franco Alonso, Alejandro"]
[Black "Galarza Cenzano, Inigo"]
[Result "1-0"]
[WhiteElo "2490"]
[BlackElo "2027"]
[PlyCount "53"]
[EventDate "2010.10.16"]
[EventType "swiss"]
[EventRounds "9"]
[EventCountry "ESP"]
[Source "lmi"]
[SourceDate "2010.10.16"]

1. Nf3 Nf6 2. c4 e6 3. g3 d5 4. d4 Bb4+ 5. Bd2 Be7 6. Bg2 O-O 7. O-O c6 8. Qc2
b6 9. Rd1 Nbd7 10. Bf4 Bb7 11. Nc3 dxc4 12. Nd2 Nd5 13. Nxc4 Nxf4 14. gxf4 Nf6
15. e3 Nd5 16. a3 Rc8 17. b4 Qc7 18. Ne5 Rfd8 19. Rac1 Qb8 20. Ne4 h6 21. Kh1
Qa8 22. Rg1 f5 23. Qe2 Nf6 24. Ng6 Kf7 25. Nxe7 Kxe7 26. Nxf6 gxf6 27. e4 1-0

[Event "Guipuzcoa ch 2010"]
[Site "Azkoitia ESP"]
[Date "2010.10.23"]
[Round "2.9"]
[White "Bello Castaño, Diego"]
[Black "Argandoña Riveiro, Iñigo"]
[Result "0-1"]
[WhiteElo "1893"]
[BlackElo "2408"]
[PlyCount "78"]
[EventDate "2010.10.16"]
[EventType "swiss"]
[EventRounds "9"]
[EventCountry "ESP"]
[Source "lmi"]
[SourceDate "2010.10.16"]

1. e4 c5 2. Nf3 Nc6 3. Nc3 g6 4. d4 cxd4 5. Nxd4 Bg7 6. Be3 Nf6 7. Bc4 O-O 8.
Bb3 d6 9. f3 Bd7 10. Qd2 Nxd4 11. Bxd4 b5 12. O-O a5 13. a4 b4 14. Nd5 Nxd5 15.
Bxd5 Rc8 16. Bb3 Qc7 17. f4 Bxd4+ 18. Qxd4 Qc5 19. Rad1 Be6 20. Bxe6 fxe6 21.
Rf2 Qxd4 22. Rxd4 e5 23. fxe5 Rxf2 24. Kxf2 Rxc2+ 25. Kf3 Rxb2 26. exd6 exd6
27. Rxd6 Ra2 28. Rd8+ Kf7 29. Rd7+ Ke6 30. Rxh7 Rxa4 31. Rb7 Ke5 32. Rb5+ Kd6
33. h4 Kc6 34. Rb8 Ra1 35. Kf4 Kc5 36. g4 a4 37. e5 a3 38. Kg5 a2 39. Kxg6 Rg1
0-1

[Event "Guipuzcoa ch 2010"]
[Site "Azkoitia ESP"]
[Date "2010.10.23"]
[Round "2.10"]
[White "Ruiz Abad, Juan Manuel"]
[Black "Tejedor Txapartegi, Nabar"]
[Result "1-0"]
[WhiteElo "1896"]
[BlackElo "1995"]
[PlyCount "83"]
[EventDate "2010.10.16"]
[EventType "swiss"]
[EventRounds "9"]
[EventCountry "ESP"]
[Source "lmi"]
[SourceDate "2010.10.16"]

1. e4 d5 2. exd5 Nf6 3. d4 Bg4 4. Be2 Bxe2 5. Qxe2 Qxd5 6. Nf3 Nc6 7. Nc3 Qf5
8. Be3 e6 9. a3 Be7 10. O-O O-O 11. Rad1 Rfd8 12. Na2 Ne4 13. Rfe1 Bf6 14. Bc1
Nxd4 15. Nxd4 Bxd4 16. Rxd4 Rxd4 17. c3 Rd7 18. g4 Qxf2+ 19. Qxf2 Nxf2 20. Kxf2
a5 21. Be3 Rad8 22. Re2 Rd1 23. Nc1 a4 24. Na2 e5 25. c4 R8d6 26. Nc3 Rf6+ 27.
Kg2 Rd7 28. Bf2 Rf4 29. Rxe5 f6 30. Re4 Rxe4 31. Nxe4 b6 32. c5 b5 33. c6 Re7
34. Nc3 Re6 35. Nxb5 Rxc6 36. Nc3 Rc4 37. Kf3 Kf7 38. h3 Ke6 39. Bg3 c6 40. Ke3
c5 41. Bf2 Kd6 42. Kd3 1-0

[Event "Guipuzcoa ch 2010"]
[Site "Azkoitia ESP"]
[Date "2010.10.23"]
[Round "2.11"]
[White "Arana Garate, Jon"]
[Black "Tung, Siu Hung"]
[Result "0-1"]
[WhiteElo "1959"]
[BlackElo "1875"]
[PlyCount "72"]
[EventDate "2010.10.16"]
[EventType "swiss"]
[EventRounds "9"]
[EventCountry "ESP"]
[Source "lmi"]
[SourceDate "2010.10.16"]

1. d4 d6 2. c4 e5 3. d5 f5 4. Nc3 Nf6 5. Qc2 g6 6. Nf3 Bg7 7. e4 O-O 8. Bd3 Na6
9. a3 Nc5 10. Nd2 Ng4 11. Be2 Qh4 12. Bxg4 Qxg4 13. O-O a6 14. b4 Nd7 15. Nb3
f4 16. f3 Qh4 17. c5 g5 18. Qf2 Qh5 19. cxd6 cxd6 20. g4 fxg3 21. Qxg3 Rf6 22.
Ra2 Nf8 23. Rg2 Bh3 24. Ne2 h6 25. Na5 Bxg2 26. Qxg2 Rb8 27. Ng3 Qe8 28. Nf5
Ng6 29. Qf2 Nf4 30. Bxf4 gxf4 31. Kh1 Rg6 32. Rc1 Bf8 33. Qc2 Qd8 34. Qc7 Qg5
35. Nxh6+ Bxh6 36. Qc2 Kh8 0-1

[Event "Guipuzcoa ch 2010"]
[Site "Azkoitia ESP"]
[Date "2010.10.23"]
[Round "2.12"]
[White "Izagirre Alsua, Aritz"]
[Black "Garro Beraza, Julen"]
[Result "1/2-1/2"]
[WhiteElo "1823"]
[BlackElo "1959"]
[PlyCount "104"]
[EventDate "2010.10.16"]
[EventType "swiss"]
[EventRounds "9"]
[EventCountry "ESP"]
[Source "lmi"]
[SourceDate "2010.10.16"]

1. e4 c5 2. Nc3 Nc6 3. g3 g6 4. Bg2 Bg7 5. d3 d6 6. Be3 e6 7. Qd2 Nd4 8. f4 Ne7
9. Nf3 O-O 10. O-O Rb8 11. Nd1 b6 12. Nh4 f5 13. c3 Ndc6 14. Nf3 Bb7 15. Re1
Qd7 16. Bf2 Rbe8 17. Ne3 Kh8 18. Nc4 Nc8 19. a4 Qc7 20. e5 d5 21. Na3 a6 22. b4
d4 23. bxc5 dxc3 24. Qxc3 bxc5 25. Qxc5 Rf7 26. Rab1 Bf8 27. Qc3 Nb4 28. Rec1
Qxc3 29. Rxc3 Rd7 30. d4 Nb6 31. a5 N6d5 32. Rcb3 Bc6 33. Be1 Rb7 34. Bxb4 Rxb4
35. Rxb4 Bxb4 36. Nc4 Bb5 37. Nb6 Bxa5 38. Nxd5 exd5 39. Bf1 Rb8 40. Bxb5 axb5
41. Kf2 h6 42. Ne1 Bc3 43. Ke3 b4 44. Nd3 Kg7 45. Nc5 Kf7 46. Na4 Rc8 47. Kd3
Rc4 48. Nxc3 Rxc3+ 49. Kd2 Rc4 50. Kd3 Rc3+ 51. Kd2 Rc4 52. Kd3 Rc3+ 1/2-1/2